书目信息 |
| 题名: |
名人传世演讲
|
|
| 作者: | 力林 主编 | |
| 分册: | ||
| 出版信息: | 北京 蓝天出版社 1998.6 |
|
| 页数: | 374页 | |
| 开本: | 20cm | |
| 丛书名: | ||
| 单 册: | ||
| 中图分类: | I106.6 | |
| 科图分类: | ||
| 主题词: | 民族文学--文学研究--世界 , 民族文学--文学评论--世界 | |
| 电子资源: | ||
| ISBN: | 7-80081-818-7 | |
| 000 | 00555nam0 2200193 45 | |
| 001 | 0003221517 | |
| 005 | 20241014160053.62 | |
| 010 | @a7-80081-818-7@dCNY18.00 | |
| 100 | @a20000322d1998 km y0chiy0120 ea | |
| 101 | @achi | |
| 200 | 1 | @a名人传世演讲@AMing Ren Chuan Shi Yan Jiang@f力林主编@FLi Lin Zhu Bian |
| 210 | @a北京@c蓝天出版社@d1998.6 | |
| 215 | @a374页@d20cm | |
| 606 | 0 | @a民族文学@x文学研究@y世界 |
| 606 | 0 | @a民族文学@x文学评论@y世界 |
| 690 | @aI106.6@v1 | |
| 701 | 0 | @a力林@4主编 |
| 801 | @aCN@bTSTC@c20000322 | |
| 905 | @dI106.6@e84@f1@b286336 | |
| 名人传世演讲/力林主编.-北京:蓝天出版社,1998.6 |
| 374页;20cm |
| ISBN 7-80081-818-7:CNY18.00 |
| ● |
| 相关链接 |
|
|
|
|
正题名:名人传世演讲
索取号:I106.6/84
 
预约/预借
| 序号 | 登录号 | 条形码 | 馆藏地/架位号 | 状态 | 备注 |
| 1 | 0286336 | 002863360 | 第二借阅区/ [索取号:I106.6/84] | 在馆 | |
| 2 | 0286337 | 002863379 | 第二借阅区/ [索取号:I106.6/84] | 在馆 | |
| 3 | 0286338 | 002863388 | 第二借阅区/ [索取号:I106.6/84] | 在馆 | |
| 4 | 0286339 | 002863397 | 第二借阅区/ [索取号:I106.6/84] | 在馆 | |
| 5 | 0286340 | 002863404 | 第二借阅区/ [索取号:I106.6/84] | 在馆 | |
| 6 | 0286341 | 002863413 | 第二借阅区/ [索取号:I106.6/84] | 在馆 | |
| 7 | 0286342 | 002863422 | 第二借阅区/ [索取号:I106.6/84] | 在馆 | |
| 8 | 0286343 | 002863431 | 第二借阅区/ [索取号:I106.6/84] | 在馆 | |
| 9 | 0286344 | 002863440 | 第二借阅区/ [索取号:I106.6/84] | 在馆 | |
| 10 | 0286345 | 002863459 | 第一样本阅览室/ [索取号:I106.6/84] | 在馆 |